000 00474nam a2200169Ia 4500
008 180207s9999 xx 000 0 und d
050 _bC752 1995
100 _aConnelly, Neil
245 4 _aThe first-prize carrot /
245 _cNeil Connelly ; illustrated by Carolyn Bracken.
260 _aMaryland :
260 _bOttenheimer Publishers, Inc.,
260 _c1995
300 _aunpaged :
300 _bcolor illustration ;
440 _aTales from the carrot patch.
999 _c355327
_d355327